000 01325nam a2200397 a 4500
001 59037
003 CO-BoRNBP
005 20250903135631.0
007 ta
008 231228s2020 ck gr 000 0 spa d
020 _a9789585234079
040 _aCO-BoBLA
_bspa
_cCO-BoBLA
_erda
041 1 _aspa
_heng
043 _ae-uk-en
082 0 4 _a823.91
_bR69h37
_222
084 _aN ROW1
100 1 _aRowling, J. K.,
_d1965-
_964664
245 1 0 _aHarry Potter y el cáliz de fuego /
_cJ. K. Rowling ; traducción Adolfo Muñoz García y Nieves Martín Azofra.
250 _aprimera edición
264 1 _aBogotá D.C, Colombia
_bPenguin Random House,
_c2020.
300 _a667 páginas ;
_c20 cm.
336 _atexto
_btxt
_2rdacontent
337 _asin mediación
_bn
_2rdamedia
338 _avolumen
_bnc
_2rdacarrier
490 1 _aSalamandra bolsillo
490 1 _aHarry Potter ;
_v4
534 _tHarry Potter and the globet of fire.
650 7 _aBrujería
_vNovela juvenil.
_2BLAAUTO
_964678
650 7 _aMagia
_vNovela juvenil.
_2BLAAUTO
_964680
650 7 _aLiteratura fantástica inglesa
_2BLAAUTO
_964679
650 7 _aNovela juvenil inglesa
_2BLAAUTO
_91873
700 1 2 _aMuñoz Garcia, Adolfo,
_etraductor
_964682
700 1 2 _aMartín Azofra, Nieves,
_etraductor
_964683
942 _2ddc
_cBK
949 _an
_bn
999 _c59037
_d59037